000 00772nam a22002417u 4500
001 6429
003 OSt
005 20170818153059.0
007 tu
008 161220s1992 xxu||||| |||| 00| 0 d
024 7 _a6429
_2RID
024 7 _a6429
_2RSN (alt)
040 _cOSt
100 1 _aAghevli, Bijan B.
245 0 0 _aStabilization and Structural Reform in the Czech and Slovak Federal Republic: First Stage
260 _aWashington, D.C. :
_bInternational Monetary Fund,
_c1992.
490 _aIMF Occasional Paper
_v92
_x0251-6365
700 1 _aBorensztein, Eduardo
700 1 _aWillingen, Tessa van der
710 2 _aInternational Monetary Fund (IMF)
942 _cP
999 _c5997
_d5997